000
00285nam a22001457a 4500
020
_a
81-8022-007-9
082
_a
920
_b
DEO/E
100
_a
DEO,SUBHASH G.
245
_a
EDISON
250
_a
FIRST
260
_a
DELHI
_c
2003
300
_a
90
650
_a
BIOGRAPHY
_z
DELHI
942
_c
BK
999
_c
6382
_d
6382